00376nam a2200121Ia 4500003000400000005001700004008004100021040001800062041000800080100004500088245008700133260003400220OSt20260123153758.0211028s2016 xx 000 0 und d cAIMIT LIBRARY aeng aLangstang, Talas; Rose, Swapna.g1416151 aStudy on the inefficiency of inventory management of hills cement co ltd shllong / aMangalorebSwapna Rose.c2016